Normal view
MARC view
Entry Personal Name
001 - CONTROL NUMBER
- control field: 3603
003 - CONTROL NUMBER IDENTIFIER
- control field: ARRUPE
005 - DATE AND TIME OF LATEST TRANSACTION
- control field: 20131121143418.0
008 - FIXED-LENGTH DATA ELEMENTS
- fixed length control field: 131121|| aca||aabn | a|a d
040 ## - CATALOGING SOURCE
- Original cataloging agency: ARRUPE
- Transcribing agency: ARRUPE
100 ## - HEADING--PERSONAL NAME
- Personal name: Blunden, Edmund,
- Dates associated with a name: 1896-1974
- General subdivision: Criticism and interpretation.
670 ## - SOURCE DATA FOUND
- Source citation: Work cat.: (ARRUPE)0: Thorpe, Michael. 3602, The poetry of Edmund Blunden., 1971.